| 000 | 00565nam a22002057a 4500 | ||
|---|---|---|---|
| 008 | 150331b xxu||||| |||| 00| 0 eng d | ||
| 020 | _a9780618214178 | ||
| 041 | 0 | _aeng | |
| 080 | _a336 | ||
| 100 | 1 | _aGarman, E. Thomas. | |
| 245 |
_aPersonal finance / _cE. Thomas Garman, Raymond E. Forgue. |
||
| 250 | _a7th ed. | ||
| 260 |
_aBoston : _bHoughton Mifflin, _c2003. |
||
| 300 |
_a[608] f.; _bme il.; _c26 cm |
||
| 500 | _aPreface :f.xxii-xxxii | ||
| 505 | _aIndex: f. A15-A38 | ||
| 650 | 0 | _aFinancat Personale | |
| 700 | 1 | _aForgue, Raymond E. | |
| 942 |
_2udc _cBK |
||
| 999 |
_c653 _d653 |
||